Small ships in Japan
Αποθηκεύτηκε σε:
| Μορφή: | Βιβλίο |
|---|---|
| Γλώσσα: | Αγγλικά |
| Έκδοση: |
Tokio
The Cooperative Association of Japan Shipbuilders
1960
|
| Θέματα: | |
| Ετικέτες: |
Προσθήκη ετικέτας
Δεν υπάρχουν, Καταχωρήστε ετικέτα πρώτοι!
|
MARC
| LEADER | 00000nam a2200000 a 4500 | ||
|---|---|---|---|
| 001 | UCV5322 | ||
| 003 | CL-VaPUC | ||
| 008 | 930312e19600000JA |||||||||||||||||eng|d | ||
| 082 | 0 | 4 | |a 623.81 |b SMA |2 21 |
| 245 | 1 | 0 | |a Small ships in Japan |
| 300 | |a 124 p | ||
| 942 | |c BK | ||
| 945 | |d 19930312 00:00:00 | ||
| 260 | |a Tokio |b The Cooperative Association of Japan Shipbuilders |c 1960 | ||
| 650 | 0 | |a Barcos |9 260866 | |
| 651 | 0 | |a Japón |9 260391 | |
| 583 | |a last modification |c 19930312 00:00:00 |k Rodrigo Vera | ||
| 999 | |c 211879 |d 211877 | ||